7 cudów świata starożytnego i nowe 7 cudów świata - Statystyki

Ogólne statystyki
  • Ten quiz został rozwiązany 384 razy
  • Średni wynik to 11 z 25
Statystyki odpowiedzi
Odpowiedź % Poprawnych
Egipt
73%
Grecja
71%
Chiny
60%
Włochy
60%
Piramida Cheopsa Egipt
58%
Wielki Mur Chiński Chiny
58%
Kolos Rodyjski Grecja
57%
Koloseum Włochy
55%
Turcja
51%
Indie
45%
Irak
45%
Posąg Zeusa w Olimpii Grecja
40%
Wiszące ogrody Semiramidy Irak
40%
Tadź Mahal Indie
37%
Machu Picchu Peru
35%
Peru
35%
Brazylia
34%
Meksyk
32%
Świątynia Artemidy w Efazie Turcja
32%
Latarnia morska na Faros Egipt
31%
Jordania
27%
Petra Jordania
24%
Mauzoleum w Halikarnasie Turcja
23%
Chichén Itzá Meksyk
18%
Statua Chrystusa Zbawiciela w Rio de Janeiro Brazylia
11%
Nie znaleziono quizów pasujących do podanych kryteriów
Rozkład punktacji
Procent ludzi z każdym wynikiem
Percentyl według liczby udzielonych odpowiedzi
Twoja historia wyników
Nie rozwiązałeś tego quizu